书目信息 |
| 题名: |
TED演讲视听说
|
|
| 作者: | 李丹玲 主编 | |
| 分册: | 2 | |
| 出版信息: | 北京 清华大学出版社 2025.03 |
|
| 页数: | 120页 | |
| 开本: | 26cm | |
| 丛书名: | 英语专业博雅教育课程系列教材 | |
| 单 册: | ||
| 中图分类: | H319.9 | |
| 科图分类: | ||
| 主题词: | 英语--ying yu--听说教学--高等学校--教材 | |
| 电子资源: | ||
| ISBN: | 978-7-302-68229-5 | |
| 000 | 01170nam 2200277 450 | |
| 001 | CAL 012025068708 | |
| 005 | 20250924173112.47 | |
| 010 | @a978-7-302-68229-5@dCNY39.90 | |
| 099 | @aCAL 012025068708 | |
| 100 | @a20250514d2025 em y0chiy0120 ba | |
| 101 | 0 | @aeng |
| 102 | @aCN@b110000 | |
| 105 | @ay z 000yy | |
| 106 | @ar | |
| 200 | 1 | @aTED演讲视听说@ATED yan jiang shi ting shuo@h2@f李丹玲主编 |
| 210 | @a北京@c清华大学出版社@d2025.03 | |
| 215 | @a120页@d26cm | |
| 225 | 2 | @a英语专业博雅教育课程系列教材@Aying yu zhuan ye bo ya jiao yu ke cheng xi lie jiao cai |
| 330 | @a本书以TED演讲为素材,精选了14个具有一定代表性的TED演讲,既涉及大学生的学习、生活与成长,也涉及社会热点、历史问题以及值得探讨、辩论的社会现象。每个演讲构成一个单元,每个单元围绕单元演讲主题设计了多种练习题型,以培养提升学生的听说能力。除语言技能外,本教材也注重培养学生用英语进行思考和表达的能力及思辨能力。 | |
| 410 | 0 | @12001 @a英语专业博雅教育课程系列教材 |
| 606 | 0 | @a英语@Aying yu@x听说教学@x高等学校@j教材 |
| 690 | @aH319.9@v5 | |
| 701 | 0 | @a李丹玲@Ali dan ling@4主编 |
| 801 | 0 | @aCN@c20250919 |
| 905 | @a河南城建学院图书馆@dH319.9@eL143:2@ZL143:2@f1 | |
| 998 | @aHHU | |
| TED演讲视听说.2/李丹玲主编.-北京:清华大学出版社,2025.03 |
| 120页;26cm.-(英语专业博雅教育课程系列教材) |
| ISBN 978-7-302-68229-5:CNY39.90 |
| 本书以TED演讲为素材,精选了14个具有一定代表性的TED演讲,既涉及大学生的学习、生活与成长,也涉及社会热点、历史问题以及值得探讨、辩论的社会现象。每个演讲构成一个单元,每个单元围绕单元演讲主题设计了多种练习题型,以培养提升学生的听说能力。除语言技能外,本教材也注重培养学生用英语进行思考和表达的能力及思辨能力。 |
| ● |
| 相关链接 |
|
|
|
正题名:TED演讲视听说
索取号:H319.9/L143:2
 
预约/预借
| 序号 | 登录号 | 条形码 | 馆藏地/架位号 | 状态 | 备注 |
| 1 | 1637697 | 216376972 | 语言库209/209语言库 60排3列3层/ [索取号:H319.9/L143:2] | 在馆 |